Library Banner

چندرجال اہلحدیث (Record no. 72107)

MARC details
000 -LEADER
fixed length control field 00416nam a22001457a 4500
005 - DATE AND TIME OF LATEST TRANSACTION
control field 20150522101037.0
008 - FIXED-LENGTH DATA ELEMENTS--GENERAL INFORMATION
fixed length control field 150522b xxu||||| |||| 00| 0 eng d
040 ## - CATALOGING SOURCE
Transcribing agency PK-LaUMT
082 ## - DEWEY DECIMAL CLASSIFICATION NUMBER
Classification number KHC 297.814
Item number ABU-C
100 ## - MAIN ENTRY--PERSONAL NAME
Personal name ابوعلی اثری
245 ## - TITLE STATEMENT
Title چندرجال اہلحدیث
Statement of responsibility, etc ابوعلی اثری
260 ## - PUBLICATION, DISTRIBUTION, ETC. (IMPRINT)
Place of publication, distribution, etc گوجرانوالہ
Name of publisher, distributor, etc ندوۃ المحدثین
Date of publication, distribution, etc 1986
300 ## - PHYSICAL DESCRIPTION
Extent 192 ص
942 ## - ADDED ENTRY ELEMENTS (KOHA)
Koha item type Books
Holdings
Withdrawn status Lost status Damaged status Home library Current library Date acquired Full call number Barcode Date last seen Price effective from Koha item type
      UMT Main Campus UMT Main Campus 2015-05-22 KHC 297.814 ABU-C 72654 2015-05-22 2015-05-22 Books